00703nam a2200241 a 4500001001300000003000900013005001700022008004100039020001000080082001800090100002000108245002200128260005400150300000900204500003500213505003200248650001300280700002000293902000800313942000700321952011800328999001500446nice12345678IN_TiNIC20260116011744.0050524s1956 hyda grp 000 0 urd  ac10000a297.831bQAS1 aQasim, Mujtahid aMahiyatul Taqleed aHyderabad bMarkazi Anjuman Taleemus Salat c1956 a168p aincludes index and biblioraphy2 athree parts of first volume aMahdavia1 aQasim, Mujtahid bSRS cBK 001040708StackRoom-aHMIbHMId2007-06-29g100.00l0o297.831 QAS1p06061r2007-06-29v100.00w2005-05-24yBK c3726d3726